Setkání východu se západem. Strategické řízení a inovace v mezinárodní perspektivě sborník anotací referátů 4. 22.-25. října 1990. Praha, Palác kultury. Druhý evropský Kongres o řízení

Saved in:
Bibliographic Details
Format: Book
Language:Czech
Slovak
English
Published: Praha Dům techniky ČSVTS 1990
Edition:1. vyd.
Subjects:
Tags: Add Tag
No Tags, Be the first to tag this record!

MARC

LEADER 00000nam a2200000 4500
001 c003425
005 20221215114427.3
020 |a 80-02-00662-3 
041 0 |a cze 
041 0 |a slo 
041 0 |a eng 
044 |a CZ 
245 1 0 |a Setkání východu se západem. Strategické řízení a inovace v mezinárodní perspektivě  |b sborník anotací referátů 4. 22.-25. října 1990. Praha, Palác kultury. Druhý evropský Kongres o řízení 
250 |a 1. vyd. 
264 1 |a Praha  |b Dům techniky ČSVTS  |c 1990 
300 |a 79 s. 
610 2 0 |a hospodárstvo svetové 
610 2 0 |a spolupráca hospodárska medzinárodná 
610 2 0 |a riadenie 
610 2 0 |a inovácia 
610 2 0 |a manažment